000 00918 a2200193 4500
001 53336
005 20260407155807.0
008 260407a1953 arg spa d
003 AR-UNSa-BCEJYS
040 _aAR-UNSa-BCEJYS
_bspa
_cAR-UNSa-BCEJYS
080 _a330
_xEconomía en general
245 1 0 _aSistemas económicos
264 1 _aBuenos Aires :
_bEdiciones Arayú
_c1953
300 _a250 p.
_c24 cm.
505 _a1. Concepto y definición del sistema económico – 2. Clasificación de los sistemas económicos – 3. Estructura de los sistemas económicos: I. Sistemas individualista o capitalista – II. Sistema colectivista – III. Otras clasificaciones – 4. El problema del cálculo económico: 1. El cálculo económico en el sistema capitalista – 2. El cálculo económico en el sistema colectivista.
942 _cBK
590 _aniveau_biblio:m niveau_hierar:0
100 1 _aAlemann, Roberto T.
999 _c5192
_d5192